000 00997nam a2200337Ia 4500
001 dia_4503
003 CHAP
005 20251023170515.0
008 220117s2007 xx 000 0 und d
010 _a175164
020 _a978-970-686-912-2 \ 970-686-914-X
040 _cCHAP
082 _a330 M36 2007
090 _a330 M3
100 _aMankiw, N. Gregory
_970496
245 _aPrincipios de economía /
_c Gregory N. Mankiw ; traducción Esther Rabasco y Luis Tohoria
250 _a4a ed.
260 _aMéxico :
_b Cengage Learning,
_c2007
300 _axxviii, 629 p.
500 _aTítulo original: Principles of economics
503 _aC/e
590 _aHB171.5 M36 2007
650 _aEconomía
_935226
650 _aEconomics
_9147376
700 _aRabasco, Esther, tr.
_9147515
700 _aTohoria, Luis, tr.
_9156057
901 _a330 M36 2007
902 _aM
905 _a5232272007 MX mn 8222223322SPA16
942 _cLIBRO
_2ddc
999 _c175164
_d175164